000 00391nam a2200169Ia 4500
003 OSt
005 20240405170529.0
008 170619s9999 xx 000 0 und d
020 _a978-9353067038
040 _cIIMT ENGINEERING COLLEGE
100 _aRobbins- P
245 0 _aOrganizational behavior
260 _bNew Delhi PHI
260 _c2004
546 _aENGLISH
942 _2ddc
_c02
999 _c21750
_d21750